• 首页
  • 本馆介绍
  • 公告通知
  • 最新文献
  • 馆藏检索
  • 电子资源
  • 读者导购
  • 参考咨询
  • 我的图书馆
  • 登录
  • 详细信息显示
  • 放入我的书架
  • 预约/预借图书
  • 作者相关作品
  • 分类相关作品
  • 丛书相关作品
  • 出版社相关作品

书目信息

  • 表格格式
  • 工作单格式
  • 卡片格式
题名:
马克思主义文艺理论发展史
    
 
作者: ;应必成 撰稿 ;复旦大学中文系文艺理论教研室 编著
分册:  
出版信息: 北京   中国文联出版公司  1995
页数: 779页
开本: 20cm
丛书名:
单 册:
中图分类: I0
科图分类: 08.5
主题词: 文学理论
电子资源:
ISBN: 7-5059-2084-7
000 00949nnam 2200253 45
001 0196001852
005 20070731102134.87
010    @a7-5059-2084-7@dCNY25.30
100    @a19950610d1995 em y0chiy0121 ea
101 0  @achi
102    @aCN@b110000
105    @ay z 000yy
200 10 @a马克思主义文艺理论发展史@AMA KE SI ZHU YI WEN YI LI LUN FA ZHAN SHI@f复旦大学中文系文艺理论教研室编著@FFU DAN DA XUE ZHONG WEN XI WEN YI LI LUN JIAO YAN SHI BIAN ZHU@g应必成等撰稿
210    @a北京@c中国文联出版公司@d1995
215    @a779页@d20cm
314    @a应必成,复旦大学中文系文艺理论教研室任教
540 1  @a马克思主义 文艺 理论 发展史@AMA KE SI ZHU YI WEN YI LI LUN FA ZHAN SHI
606 0  @a文学理论
690    @aI0
692    @a08.5
702  0 @a应必成@AYING BI CHENG@4撰稿
711 02 @a复旦大学中文系文艺理论教研室@AFU DAN DA XUE ZHONG WEN XI WEN YI LI LUN JIAO YAN SHI@4编著
801  0 @aCN@bNLC@c20070731
905    @f1@b263997@dI0@e188
    
    马克思主义文艺理论发展史/复旦大学中文系文艺理论教研室编著/应必成等撰稿.-北京:中国文联出版公司,1995
    779页;20cm
    
    
    ISBN 7-5059-2084-7:CNY25.30
    
●
相关链接 在E读中查询图书 在五车中查询图书 在当当中查询图书 在豆瓣中查询图书


正题名:马克思主义文艺理论发展史     索取号:I0/188         预约/预借

序号 登录号 条形码 馆藏地/架位号 状态 备注
1 0263996   202070285   第一样本阅览室/ [索取号:I0/188] 在馆    
2 0263997   000903712   第二借阅区/ [索取号:I0/188] 在馆    
3 0787070   207870703   密集书库/ [索取号:I0/188] 在馆    
唐山师范学院图书馆 欢迎您!
大连网信软件有限公司© 版权所有